ပပ်ႉပီၵွၼ်းၶမ်းၸဝ်ႈသုၶမ်း (Record no. 23582)

000 -LEADER
fixed length control field 01013nam a22002297a 4500
003 - CONTROL NUMBER IDENTIFIER
control field OSt
005 - DATE AND TIME OF LATEST TRANSACTION
control field 20260128093524.0
008 - FIXED-LENGTH DATA ELEMENTS--GENERAL INFORMATION
fixed length control field 230324b ||||| |||| 00| 0 eng d
040 ## - CATALOGING SOURCE
Transcribing agency Ost
041 ## - LANGUAGE CODE
Language code of text/sound track or separate title Shan
082 ## - DEWEY DECIMAL CLASSIFICATION NUMBER
Classification number 294.3092
245 ## - TITLE STATEMENT
Title ပပ်ႉပီၵွၼ်းၶမ်းၸဝ်ႈသုၶမ်း
Remainder of title မၢႆတွင်းဝၼ်းၵိူတ်ႇ (50) ပီၸဝ်ႈသုၶမ်း (တၢင်ႉယၢၼ်း)။
Statement of responsibility, etc. ၸဝ်ႈသြႃႇသုဝရ၊ မၢဝ်းၶမ်း (--လႄႈတၢင်ႇၵေႃႉ) ၸုမ်းထတ်းလိၵ်ႈ-
260 ## - PUBLICATION, DISTRIBUTION, ETC.
Date of publication, distribution, etc. 2011
300 ## - PHYSICAL DESCRIPTION
Extent (H)၊ 403 ၼႃႈ
Other physical details ၶႅပ်းႁၢင်ႈ (သီ)
Dimensions 27 ၸိၼ်ႇထီႇ
500 ## - GENERAL NOTE
General note S-SAT: Dr. Prof Sai Aung Tun
504 ## - BIBLIOGRAPHY, ETC. NOTE
Bibliography, etc. note ပႃးၽိုၼ်ဢိင်
650 ## - SUBJECT ADDED ENTRY--TOPICAL TERM
Topical term or geographic name entry element ထေရုပ်ႉပတ်ႉတိ
Topical term or geographic name entry element လိၵ်ႈႁွမ်တွမ်
942 ## - ADDED ENTRY ELEMENTS (KOHA)
Koha item type Books (Long term)
650 ## - SUBJECT ADDED ENTRY--TOPICAL TERM
9 (RLIN) 20943
9 (RLIN) 20801
Source of classification or shelving scheme
Source of classification or shelving scheme
Holdings
Withdrawn status Lost status Source of classification or shelving scheme Damaged status Not for loan Collection Code Permanent Location Current Location Shelving location Date acquired Total Checkouts Full call number Barcode Date last seen Date last checked out Copy number Price effective from Koha item type Accession
          Tai Collection Shan State Buddhist University Library Shan State Buddhist University Library Tai Shelves 24/03/2023 1 294.3092 ပပ်ႉ ႑႖႑႖(1) SH00001616 04/12/2023 11/11/2023 1 24/03/2023 Books (Long term) ႑႖႑႖(1)
          Special Collections Shan State Buddhist University Library Shan State Buddhist University Library Tai Shelves 24/03/2023   294.3092 ပပ်ႉ ႑႗႒႔ S-SAT SH00001724 24/03/2023   4 24/03/2023 Book (Short term) ႑႗႒႔ S-SAT
          Tai Collection Shan State Buddhist University Library Shan State Buddhist University Library Tai Shelves 24/03/2023   294.3092 ပပ်ႉ ႑႗႗႐(2) SH00001770 24/03/2023   2 24/03/2023 Books (Long term) ႑႗႗႐(2)
          Tai Collection Shan State Buddhist University Library Shan State Buddhist University Library Tai Shelves 24/03/2023   294.3092 ပပ်ႉ ႑႗႗႑(3) SH00001771 24/03/2023   3 24/03/2023 Books (Long term) ႑႗႗႑(3)

Library - 09407999929
Admin Office - 09407999979
Dean Office - 09250910768
Registrar Office - 09892297154
Email - [email protected]
Shan State Buddhist University, Phaya Phyu Taunggyi, Shan State, Myanmar.